| 000 | 00584nam a22001577a 4500 | ||
|---|---|---|---|
| 003 | OSt | ||
| 005 | 20150923100112.0 | ||
| 008 | 150923b xxu||||| |||| 00| 0 eng d | ||
| 040 | _cRUA | ||
| 082 | _aAGR LY 2010 B045 Or.1 | ||
| 100 |
_91156 _aLY, DINA. |
||
| 245 | _aprevention methods of insect pests on tomato neang tamm variety (វិធានការការពារសត្វល្អិតចង្រៃនៅលើដំណាំប៉េងប៉ោះពូជនាងតំ) | ||
| 260 |
_aPhnom Penh _bRUA _c2010 |
||
| 300 |
_aix, 46p. _bill. _c29cm. |
||
| 942 |
_2ddc _cAGR |
||
| 999 |
_c1105 _d1105 |
||